000 00887nam0a2200301 4500
001 RU\NLR\bibl\64948
005 20260406124728.0
010 _a5-04-001249-7
_910 000
021 _aRU
_b98-36095
_91718
035 _a(NLR Aleph) 000063353
090 _a346236
_c346236
100 _a19991221d1998 |||y0rusy50 ca
101 1 _arus
_ceng
102 _aRU
105 _ay |||||||||
200 1 _aПризрачные огни
_e[Роман]
_fДин Кунц
210 _aМ.
_cЭксмо-Пресс
_d1998
215 _a519 с.
_d21
225 1 _aХолодный огонь
686 _aШ6(7США)67-445
700 1 _4070
_8rus
_7ca
_aКунц
_bД. Р.
_f1945-
_gДин Р.
_3RU\NLR\auth\771228
_9111257
801 0 _aRU
_bNLR
_c19991221
_gPSBO
801 1 _aRU
_bNLR
_c19991221
852 _aNLR
_j99-3/16369
942 _cBOOK
980 _aNB